[Event "Hyderabad Slan op 1st"]
[Site "Hyderabad"]
[Date "2023.07.24"]
[Round "8"]
[White "Nawin, MS."]
[Black "Kushagra, Mohan"]
[Result "0-1"]
[WhiteElo "1739"]
[BlackElo "2416"]
[PlyCount "76"]
[EventDate "2023.07.21"]
[EventType "swiss"]
[EventRounds "9"]
[EventCountry "IND"]
[SourceTitle "CBM 215 Extra"]
[Source "ChessBase"]
[SourceDate "2023.09.30"]
[SourceVersion "1"]
[SourceVersionDate "2023.09.30"]
[SourceQuality "1"]

1. e4 c6 2. d4 d5 3. exd5 cxd5 4. Bd3 Nc6 5. c3 Qc7 6. Ne2 Bg4 7. 0-0 e6 8. Qe1 Nf6 9. Bg5 Bh5 10. f4 Bxe2 11. Qxe2 Bd6 12. Qf3 h6 13. Bh4 0-0-0 14. Nd2 Rdg8 15. b4 g5 16. Bg3 g4 17. Qe3 Nh5 18. Rac1 Kb8 19. a3 Ne7 20. c4 dxc4 21. Nxc4 Nd5 22. Qd2 Nxg3 23. hxg3 h5 24. Na5 Qd7 25. Be4 h4 26. Bxd5 exd5 27. Qd3 hxg3 28. Qxg3 Rg6 29. Nb3 Qf5 30. Nc5 Rgh6 31. Nd3 Qe4 32. Rfd1 Qxd4+ 33. Kf1 Rh1+ 34. Ke2 Re8+ 35. Kd2 Rxd1+ 36. Rxd1 f5 37. Rf1 Rc8 38. Qe3 Rc2+ 0-1

[Event "IND-ch U17"]
[Site "Bhubaneswar"]
[Date "2022.07.02"]
[Round "3"]
[White "Harsh, Suresh"]
[Black "Nawin, MS."]
[Result "1-0"]
[WhiteElo "2321"]
[BlackElo "1825"]
[PlyCount "125"]
[EventDate "2022.07.01"]
[EventType "swiss"]
[EventRounds "11"]
[EventCountry "IND"]
[SourceTitle "EXT 2023"]
[Source "ChessBase"]
[SourceDate "2022.10.05"]
[SourceVersion "1"]
[SourceVersionDate "2022.10.05"]
[SourceQuality "1"]

1. b3 d5 2. Bb2 Bg4 3. h3 Bh5 4. g4 Bg6 5. Bg2 h5 6. e3 e6 7. d3 Nd7 8. Ne2 hxg4 9. hxg4 Rxh1+ 10. Bxh1 f6 11. e4 dxe4 12. Nf4 Bf7 13. Bxe4 Nc5 14. Qe2 Qd6 15. Qf3 Nxe4 16. Qxe4 Qb4+ 17. Nd2 Qxe4+ 18. Nxe4 e5 19. Ng2 a5 20. a4 Bd5 21. f3 Bxe4 22. fxe4 g5 23. Ke2 Kf7 24. Ne3 Ne7 25. d4 exd4 26. Bxd4 Nc6 27. Bc3 Bb4 28. Bxb4 axb4 29. Rh1 Nd4+ 30. Kd3 Ne6 31. Rh7+ Kg8 32. Re7 Rd8+ 33. Nd5 Rd6 34. Kc4 c6 35. Nxf6+ Kf8 36. Rd7 Rxd7 37. Nxd7+ Ke7 38. Nc5 Nd8 39. a5 Kd6 40. Kd4 Nf7 41. Nxb7+ Kc7 42. Nc5 Nh6 43. Ne6+ Kb7 44. Nxg5 Nxg4 45. e5 Kc7 46. Ne6+ Kb7 47. Nc5+ Kc7 48. Na6+ Kb7 49. Nxb4 c5+ 50. Kxc5 Nxe5 51. Kb5 Nf7 52. a6+ Ka7 53. Nc6+ Ka8 54. Ka5 Nd6 55. Ne5 Ka7 56. b4 Nc8 57. Nc4 Ne7 58. b5 Nd5 59. b6+ Ka8 60. Ne5 Ne7 61. Kb5 Nd5 62. b7+ Ka7 63. Nc6# 1-0

[Event "IND-ch U18 31st"]
[Site "Pollachi"]
[Date "2022.04.20"]
[Round "6"]
[White "Krishnan, Ritvik"]
[Black "Nawin, MS."]
[Result "1-0"]
[WhiteElo "1800"]
[BlackElo "1722"]
[PlyCount "153"]
[EventDate "2022.04.18"]
[EventType "swiss"]
[EventRounds "11"]
[EventCountry "IND"]
[SourceTitle "EXT 2023"]
[Source "ChessBase"]
[SourceDate "2022.10.05"]
[SourceVersion "1"]
[SourceVersionDate "2022.10.05"]
[SourceQuality "1"]

1. e4 c5 2. Nf3 g6 3. c3 Bg7 4. d4 cxd4 5. cxd4 d5 6. e5 a6 7. h3 Nc6 8. Nc3 f6 9. Bf4 fxe5 10. Nxe5 Nxe5 11. Bxe5 Bxe5 12. dxe5 e6 13. Bd3 Ne7 14. Qf3 Nc6 15. Qg3 Qc7 16. 0-0 Qxe5 17. f4 Qd4+ 18. Kh2 0-0 19. Rad1 Qg7 20. Na4 b5 21. Nc5 Ra7 22. Rc1 Rc7 23. Rfe1 Nd4 24. b4 Rcf7 25. Rf1 Kh8 26. Qe3 Re7 27. Bb1 Rfe8 28. Nd3 Nf5 29. Qe2 Nd6 30. Rc6 Nc4 31. Nc5 Rc7 32. Rxc7 Qxc7 33. Bd3 Nb6 34. Kh1 Qf7 35. Kh2 Nd7 36. Qb2+ Kg8 37. Qd4 Nxc5 38. Qxc5 Qe7 39. Qd4 Bb7 40. Re1 Qg7 41. Re5 Qc7 42. Qe3 Rf8 43. h4 Qf7 44. h5 Kg7 45. hxg6 hxg6 46. Rxe6 Qxf4+ 47. Qxf4 Rxf4 48. Rxg6+ Kf8 49. Rb6 Rf7 50. g4 Kg7 51. Bf5 Rc7 52. Kg3 Bc8 53. Bxc8 Rxc8 54. Rxa6 Rc3+ 55. Kh4 d4 56. Kh5 Rh3+ 57. Kg5 Rh2 58. Rd6 Rd2 59. Rd7+ Kf8 60. Kf6 Rf2+ 61. Ke5 Re2+ 62. Kd5 Rc2 63. Ke4 Rg2 64. Rxd4 Rxg4+ 65. Kd5 Rg2 66. Kc5 Ke7 67. Kxb5 Rxa2 68. Kc6 Rc2+ 69. Kb6 Rc1 70. b5 Rb1 71. Kc6 Rc1+ 72. Kb7 Rb1 73. b6 Rb2 74. Kc7 Rc2+ 75. Kb8 Rc1 76. b7 Rc2 77. Ra4 1-0

[Event "Kalyan op 2nd"]
[Site "Kalyan"]
[Date "2019.01.30"]
[Round "3"]
[White "Saranya, Y."]
[Black "Nawin, MS."]
[Result "1-0"]
[WhiteElo "1961"]
[BlackElo "1424"]
[PlyCount "98"]
[EventDate "2019.01.29"]
[EventType "swiss"]
[EventRounds "10"]
[EventCountry "IND"]
[SourceTitle "CBM 188 Extra"]
[Source "ChessBase"]
[SourceDate "2019.02.26"]
[SourceVersion "1"]
[SourceVersionDate "2019.02.26"]
[SourceQuality "1"]

1. Nf3 d5 2. g3 Nf6 3. Bg2 e6 4. 0-0 Bd6 5. d4 Nbd7 6. c4 c6 7. Nbd2 e5 8. cxd5 cxd5 9. dxe5 Nxe5 10. Nxe5 Bxe5 11. Nf3 Bd6 12. Bg5 Be7 13. Ne5 0-0 14. Rc1 Be6 15. Qa4 Ne4 16. Be3 Nd6 17. Rfd1 f6 18. Nd3 Nc4 19. Rxc4 dxc4 20. Nf4 Qc8 21. Nxe6 Re8 22. Qd7 Qxd7 23. Rxd7 Bf8 24. Bd5 Kh8 25. Nxf8 Rxf8 26. Bxb7 Rad8 27. Rxd8 Rxd8 28. Ba6 Rb8 29. Bd4 Rb4 30. a3 Ra4 31. Bb5 Ra5 32. a4 a6 33. Bc3 Rxb5 34. axb5 axb5 35. f4 Kg8 36. Kf2 Kf7 37. Ke3 Ke6 38. Kd4 Kd6 39. e4 h5 40. e5+ fxe5+ 41. fxe5+ Ke6 42. Kc5 g5 43. Kxb5 h4 44. gxh4 gxh4 45. Kxc4 h3 46. b4 Kd7 47. Kd5 Ke7 48. e6 Ke8 49. Kd6 Kd8 1-0